| 000 | 01449nam a22002777a 4500 | ||
|---|---|---|---|
| 003 | NALT | ||
| 005 | 20240724233218.0 | ||
| 008 | s2547 th tha d | ||
| 020 | _a9746582178 | ||
| 040 | _aNALT | ||
| 041 | _atha | ||
| 050 |
_aZ699.5.C76 _bอ353ร 2547 |
||
| 100 | 0 | _aอรรถชัย จินตะเวช | |
| 245 | 1 | 0 | _aระบบสนับสนุนการตัดสินใจผลิตพืชระดับท้องถิ่น : ท้องทุ่งไทย 1.0 = A decision support system for crop production systems at the local level : TongTungThai 1.0 |
| 260 | 3 |
_aกรุงเทพฯ : _bสำนักงานสนับสนุนการวิจัย, _c2547 |
|
| 300 |
_a160 หน้า ๅ: _bตาราง, แผนภูมิ ; _c29 ซม. |
||
| 650 | 0 | 4 | _aมันสำปะหลัง -- การยกระดับผลผลิต -- วิจัย |
| 650 | 0 | 4 | _aข้าว -- ฐานข้อมูล -- วิจัย |
| 650 | 0 | 4 | _aระบบ DSS -- วิจัย |
| 650 | 0 | 4 | _aพืช -- ข้อมูล -- วิจัย |
| 650 | 0 | 4 | _aพืช -- ฐานข้อมูล -- วิจัย |
| 650 | 0 | 4 | _aระบบจัดการฐานข้อมูล -- พืช -- วิจัย |
| 850 | _aNALT | ||
| 942 |
_cRSH _2lcc |
||
| 999 |
_c43752 _d43752 |
||
| 998 |
_j109 _k อารีรัตน์ วิชาช่าง |
||